000 00684nam a2200181 i 4500
001 34559
003 ES-MaACL
005 20230906154944.0
007 t|
008 030207s1922 fr ||||1| fre d
100 1 _aBluecher
_cPrincesse.
_929575
245 1 4 _aUne anglaise รก Berlin /
_cnotes intimes de la Princesse Bluecher sur les evenements la politique et la vie cotidienne en Allemagne an cours de... 1918 ; traduit par Henriette Cavaignae ; avant propor de Louis Gillet.
260 _a[S.l. :
_bs.n.,
_c1922] (
_eLagny :
_fE. Grevin)
300 _a341 p. ;
_c23 cm.
700 1 _aCavaignae, Henriette.
_937139
700 1 _aGillet, Louis.
_956970
852 _aES-MaACL
_jD-1103
999 _c34559
_d34559